000 00626nam a22001937a 4500
005 20240209120644.0
010 _aENG-139149
020 _c250.00
_a9789387871885
035 _aEN-122681
037 _bDBAD/PUB
082 _a620.5
_2
100 _aChitra .S
_961826
245 _aTopical Drifts In Nano Science & Environmental Science:
_cS.Chitra/
260 _aTamil Nadu
_bShanlax Publication
_c2018
270 _a61,66 T.P.K Main Road ,Vasantha Nagar, Madurai
_bTamil Nadu
_e625003
_k04524208765
300 _a148p.
_c29cm(pb)
700 _aMeenakshi,S. Devi
_961814
942 _2ddc
_cEN
_h620.5
_mCHI
999 _c200600
_d200600